000 00327nam a2200133Ia 4500
008 210430s9999 xx 000 0 und d
020 _a978-81-317-3221-2
082 _a519.4 R1651 N
100 _aBabu Ram
_954357
245 _aNumerical Methods
_cBabu Ram
260 _aIndia
_bPearson
300 _a447 p
942 _cBK
_2ddc
999 _c564921
_d564921